Eastern Utah Libraries Catalog: Duchesne, Heber, Roosevelt, & Vernal

What Do We Know About the Yeti? (Record no. 397291)

MARC details
000 -LEADER
fixed length control field 00617nam a22001935 4500
001 - CONTROL NUMBER
control field BK0031207713
005 - DATE AND TIME OF LATEST TRANSACTION
control field 20240605163519.0
008 - FIXED-LENGTH DATA ELEMENTS--GENERAL INFORMATION
fixed length control field 240603s2024 xx 000 0 eng d
020 ## - INTERNATIONAL STANDARD BOOK NUMBER
International Standard Book Number 9780593752128 : LIB
Terms of availability 15.99
020 ## - INTERNATIONAL STANDARD BOOK NUMBER
International Standard Book Number 0593752120 : LIB
Terms of availability 15.99
037 ## - SOURCE OF ACQUISITION
Source of stock number/acquisition Penguin Group USA, Order Processing Dept 120 Woodbine st, Bergenfield, NJ, USA, 07621
Note SAN 201-3975
050 ## - LIBRARY OF CONGRESS CALL NUMBER
Classification number GR
082 ## - DEWEY DECIMAL CLASSIFICATION NUMBER
Classification number 398
092 ## - LOCALLY ASSIGNED DEWEY CALL NUMBER (OCLC)
Classification number 398.0000
100 ## - MAIN ENTRY--PERSONAL NAME
Personal name Hubbard, Ben/ Who Hq (COR)/ Gutierrez, Manuel (ILT)
9 (RLIN) 6488719
245 00 - TITLE STATEMENT
Title What Do We Know About the Yeti?
264 #1 - Production, Publication, Distribution, Manufacture, and Copyright Notice.
Name of producer, publisher, distributor, manufacturer Penguin Group USA
Date of production, publication, distribution, manufacture, or copyr 2024
300 ## - PHYSICAL DESCRIPTION
Extent 112 p. ;
Holdings
Withdrawn status Lost status Source of classification or shelving scheme Damaged status Not for loan Collection code Home library Current library Shelving location Date acquired Source of acquisition Total Checkouts Full call number Barcode Date last seen Date checked out Cost, replacement price Price effective from Koha item type
    Dewey Decimal Classification     Junior NonFiction Wasatch County Library Wasatch County Library Second Floor 07/22/2025 Penworthy 1 J 398 Hubbard 34301002162180 01/31/2026 07/29/2025 22.96 07/22/2025 BOOK
This project was made possible through a grant from the Institute of Museum and Library Service administered by the Utah State Library Division.

Wasatch County Library

  • 465 East 1200 South, Heber City, Utah 84032
  • Phone 435-654-1511 | Fax 435-654-6456

Hours

  • Monday - Friday 9:30 AM - 8:00 PM
  • Saturday 9:30 AM - 1:30 PM
  • Closed Sundays and Holidays